00263nam a2200109Ia 4500008004100000100002000041245003500061260001900096260000900115546001200124999001700136170619s9999 xx 000 0 und d aLiao- Samuel Y. 0aMicrowave devices and circuits bNew Delhi: PHI c2004 aENGLISH c17486d17486